000 00873nam a22002297a 4500
003 urs
005 20230810095649.0
008 221024b |||||||| |||| 00| 0 eng d
100 _92703
_aCebanico, Halliyah R.
_eauthor
245 _aDebt management of fine dining restaurants in Angono, Rizal calendar year 2020
_cHalliyah R. Cebanico, Nina T. Ceñidoza, Alyssa Mae G. Fermin
260 _c2021
300 _axiii, 79 leaves
_c28 cm.
336 _2rdacontent
_atext
337 _2rdamedia
_aunmediated
338 _2rdasource
_avolume
502 _aThesis
_bBachelor of Science in Accountancy
_cUniversity of Rizal System, Binangonan
_d2021
504 _aIncludes bibliographical references.
700 _92704
_aCeñidoza, Nina T.
_eauthor
700 _92705
_aFermin, Alyssa Mae G.
_eauthor
700 _aAldrin B. Boca, M.Ed.CDII Cand.
_eadviser
_92669
942 _2lcc
_cT
999 _c59186
_d59186